000 00632nam a22002057a 4500
001 00028756
005 20260413100135.0
008 260413b ag ||||| |||| 00| 0 spa d
020 _a9789870417026
040 _aAR-CcCEOS
_bspa
_cAR-CcCEOS
041 _aspa
080 _a1(091)
090 _bHIS v.19
245 _aLa enciclopedia del estudiante :
_bHistoria de la filosofía
300 _av. 19, 320 p. ;
_c28x20 cm.
490 _vLa enciclopedia del estudiante ; 19
655 0 _aenciclopedias
_vmaterial auxiliar para la enseñanza
_91047
942 _2udc
_cBK
_n0
999 _c28791
_d28791